Hóa sinh nông nghiệp Giáo trình Cao đẳng sư phạm

Thành phần cấu tao, tính chất chức năng sinh học của các phần tử sinh học.Năng lượng sinh học và quá trình trao đổi chất...

Na minha lista:
Detalhes bibliográficos
Autor principal: Nguyễn Thị Hiền (Tác giả)
Outros Autores: Vũ Thy Thư (Biên soạn)
Formato: Livro
Idioma:Vietnamese
Publicado em: H. Đại học sư phạm 2003
Assuntos:
Tags: Adicionar Tag
Sem tags, seja o primeiro a adicionar uma tag!
Thư viện lưu trữ: Mạng thư viện Đại học Đà Nẵng
LEADER 01292nam a2200349 4500
001 000009204
003 5399
005 20120315110318.0
008 111025s2003 viesd
041 0 |a vie 
082 |a 572  |b NG-H 
100 0 |a Nguyễn Thị Hiền  |e Tác giả 
245 0 |a Hóa sinh nông nghiệp  |b Giáo trình Cao đẳng sư phạm  |c Nguyễn Thị Hiền, Vũ Thy Thư 
260 |a H.  |b Đại học sư phạm  |c 2003 
300 |a 423tr  |c 24cm 
504 |a Mục lục tr409 
520 |a Thành phần cấu tao, tính chất chức năng sinh học của các phần tử sinh học.Năng lượng sinh học và quá trình trao đổi chất... 
653 |a Hóa sinh 
653 |a nông nghiệp 
653 |a Trao đổi chất 
700 |a Vũ Thy Thư  |e Biên soạn 
910 |a Thương  |d 25/10/2011 
OWN |a LSP 
AVA |a UDN50  |b LSP  |d 572 NG-H  |e available  |t Error 5001 Not defined in file expand_doc_bib_avail.  |f 5  |g 0  |h N  |i 0  |k 1 
999 |a From the UDN01 
AVA |a UDN50  |b LSP  |d 572 NG-H  |e available  |t Error 5001 Not defined in file expand_doc_bib_avail.  |f 5  |g 0  |h N  |i 0  |k 1 
TYP |a Monograph 
TYP |a Printed language 
980 |a Mạng thư viện Đại học Đà Nẵng